[Event "Opole AZS op 1st"]
[Site "Opole"]
[Date "2023.08.15"]
[Round "2"]
[White "Hadrian, Patryk"]
[Black "Sieciechowicz, Marcin"]
[Result "0-1"]
[WhiteElo "1678"]
[BlackElo "2318"]
[PlyCount "78"]
[EventDate "2023.08.15"]
[EventType "swiss (rapid)"]
[EventRounds "9"]
[EventCountry "POL"]
[SourceTitle "EXT 2024"]
[Source "ChessBase"]
[SourceDate "2023.10.10"]
[SourceVersion "1"]
[SourceVersionDate "2023.10.10"]
[SourceQuality "1"]

1. d4 d5 2. Nc3 Nf6 3. Bf4 e6 4. e3 c5 5. Nb5 Na6 6. c3 Be7 7. Nf3 0-0 8. dxc5 Bxc5 9. Bd3 Bd7 10. a4 Be7 11. h3 Nc5 12. Bc2 Bxb5 13. axb5 Qb6 14. Qe2 h6 15. 0-0 Bd6 16. Bxd6 Qxd6 17. Rfd1 Qb6 18. Ne5 Rfc8 19. g4 Nce4 20. h4 a6 21. g5 hxg5 22. hxg5 Nxg5 23. bxa6 Rxa6 24. Rxa6 bxa6 25. Bd3 a5 26. Ra1 Nge4 27. Ra2 Nc5 28. Bb1 Ncd7 29. Nxd7 Nxd7 30. Qd3 Nf6 31. Qd2 Rc4 32. b3 Rg4+ 33. Kf1 Rh4 34. Ke2 Rh2 35. Bc2 Ng4 36. Qd4 Rxf2+ 37. Ke1 Qxd4 38. exd4 Kf8 39. Bd3 Rxa2 0-1